[Event "Manzanillo"]
[Site "Manzanillo"]
[Date "1991.??.??"]
[Round "14"]
[White "Pazos, Plinio"]
[Black "Medina, J."]
[Result "1-0"]
[WhiteElo "2330"]
[BlackElo "2320"]

1.e4 e6 2.d4 d5 3.Nd2 Nc6 4.Ngf3 Nf6 5.e5 Nd7 6.Be2 f6 7.exf6 Qxf6 8.Nf1 Bd6
9.Ne3 b6 10.h3 Bb7 11.O-O O-O-O 12.c3 h5 13.h4 Ne7 14.g3 e5 15.a4 g5 16.Nxg5 exd4
17.cxd4 Rdg8 18.a5 Rxg5 19.hxg5 Qxg5 20.Nc4 Qg6 21.Nxd6+ Qxd6 22.Bf4 Qf6
23.axb6 axb6 24.Qd2 Nf5 25.Ra4 h4 26.Rc1 Nd6 27.Bg4 hxg3 28.fxg3 Nc4 29.Qf2 Qg6
30.Bf3 Nf6 31.Qc2 Qg7 32.Ra7 Ne4 33.Rxb7 Qxd4+ 34.Kg2 Kxb7 35.Bxe4 dxe4 36.Qxc4 Qxb2+
37.Rc2 Qg7 38.Qe6 Kb8 39.Qxb6+  1-0

[Event "Mar del Plata op"]
[Site "Mar del Plata"]
[Date "1991.??.??"]
[Round "?"]
[White "Valiente, Cristobal"]
[Black "Palermo, Vicente"]
[Result "1-0"]
[WhiteElo "2370"]
[BlackElo "2280"]

1.e4 e6 2.d4 d5 3.Nd2 Nc6 4.Ngf3 Nf6 5.e5 Nd7 6.Bb5 f6 7.O-O fxe5 8.dxe5 g6
9.Nb3 Qe7 10.Bg5 Qf7 11.Be3 Bg7 12.Ng5 Qe7 13.f4 O-O 14.Qg4 Rf5 15.h4 Qb4
16.Qe2 Ncxe5 17.c3 Qe7 18.fxe5 Nxe5 19.Bc5 Qd8 20.Rxf5 gxf5 21.Bd4 Ng4 22.Bxg7 Qd6
23.Be5 Nxe5 24.Qh5 Qe7 25.Re1 Ng6 26.Nf3 c6 27.Bf1 e5 28.Nxe5 Nxh4 29.Nd3 Be6
30.Nd4 Bf7 31.Qxh7+  1-0

[Event "WchT U26"]
[Site "Maringa"]
[Date "1991.??.??"]
[Round "2"]
[White "Miranda, L."]
[Black "Kupper, Patrick"]
[Result "0-1"]
[WhiteElo "2205"]
[BlackElo "2255"]

1.d4 e6 2.e4 d5 3.Nd2 a6 4.Bd3 c5 5.exd5 Qxd5 6.Ngf3 cxd4 7.O-O Nf6 8.Nb3 Nc6
9.Qe2 Be7 10.Re1 O-O 11.Bg5 Re8 12.Rad1 Qd6 13.c4 Qc7 14.Bb1 b6 15.a3 Bb7
16.Nbxd4 Rad8 17.Nxc6 Qxc6 18.Rxd8 Rxd8 19.Bd3 h6 20.Bc1 a5 21.b3 Bc5 22.Rd1 Kh8
23.h3 Ba8 24.Rd2 Rd7 25.Bb2 Qb7 26.Qe5 Bf8 27.Qc3 Rd8 28.Bf1 Rxd2 29.Qxd2 Qd7
30.Qf4 Be7 31.Ne5 Qe8 32.Ng4 Nxg4 33.Qxg4 Bf8  0-1

[Event "Melbourne Masters"]
[Site "Melbourne"]
[Date "1991.??.??"]
[Round "7"]
[White "Canfell, Gregory"]
[Black "Johansen, Darryl K"]
[Result "1-0"]
[WhiteElo "2280"]
[BlackElo "2465"]

1.e4 e6 2.d4 d5 3.Nd2 Nc6 4.Ngf3 Nf6 5.e5 Nd7 6.Be2 Be7 7.Nf1 O-O 8.Ng3 b6
9.c3 Bb7 10.Bd3 f6 11.h4 Qe8 12.Qc2 f5 13.Ne2 Ndb8 14.Nf4 Qd7 15.Qb1 Ba6
16.Bc2 g6 17.g4 fxg4 18.Bxg6 Bd8 19.Rg1 Rf7 20.Bxf7+ Qxf7 21.Rxg4+ Kf8 22.Be3 Ke8
23.Kd2 Nd7 24.Qg1 Nf8 25.Rg7 Qf5 26.h5 Ne7 27.Nh4 Qe4 28.f3 Nf5 29.fxe4 Nxh4
30.Qg4 dxe4 31.Nxe6 Bc8 32.d5 Nf3+ 33.Kc2 Nxe5 34.Qxe4 Bf6 35.Nxc7+ Kd8 36.Bg5  1-0

[Event "Mondorf op"]
[Site "Mondorf"]
[Date "1991.??.??"]
[Round "6"]
[White "Van der Wiel, John TH"]
[Black "Blees, Albert"]
[Result "1-0"]
[WhiteElo "2530"]
[BlackElo "2380"]

1.e4 e6 2.d4 d5 3.Nd2 a6 4.Ngf3 c5 5.dxc5 Bxc5 6.Bd3 Nf6 7.O-O dxe4 8.Nxe4 Nxe4
9.Bxe4 Qxd1 10.Rxd1 Nd7 11.Bd2 Nf6 12.Bd3 b6 13.b4 Be7 14.a4 Bb7 15.a5 bxa5
16.Rxa5 O-O 17.c4 Rfd8 18.Be1 Rab8 19.Raa1 g6 20.c5 Nd5 21.Bxa6 Bxa6 22.Rxa6 Nxb4
23.Rxd8+ Bxd8 24.Bxb4 Rxb4 25.Kf1 Kf8 26.Ra8 Ke7 27.Ne5 Rb1+ 28.Ke2 Rb2+
29.Ke3 Kf6 30.Nd3  1-0

[Event "FRA-ch Acc"]
[Site "Montpellier"]
[Date "1991.??.??"]
[Round "3"]
[White "Mathe, Aurelien"]
[Black "Zimmermann, Walter"]
[Result "1-0"]
[WhiteElo "2070"]
[BlackElo "2250"]

1.e4 e6 2.d4 d5 3.Nd2 a6 4.Ngf3 c5 5.dxc5 dxe4 6.Nxe4 Qxd1+ 7.Kxd1 Nc6 8.Nd6+ Bxd6
9.cxd6 Nf6 10.Bd3 O-O 11.c3 e5 12.Re1 Bg4 13.h3 Bxf3+ 14.gxf3 Rad8 15.Kc2 Rxd6
16.Be3 Rfd8 17.Rad1 g6 18.Bc4 Kg7 19.Rxd6 Rxd6 20.Rd1 Rxd1 21.Kxd1 Nh5 22.Kc2 Kf6
23.Bf1 Kf5 24.Kb3 Ke6 25.Kc4 Nf6 26.h4 Nd7 27.b4 f5 28.a4 Ne7 29.Kb3 f4 30.Bd2 Nf5
31.Bh3 Kd6 32.h5 Ne7 33.hxg6 Nxg6 34.c4 h5 35.c5+ Kc7 36.Kc4 Nh4 37.b5 axb5+
38.axb5 Nxf3 39.Ba5+ b6 40.cxb6+ Nxb6+ 41.Kc5 Kb7 42.Bxb6 e4 43.Bd8 Nd2 44.Be6 e3
45.fxe3 fxe3 46.Bd5+ Kc8 47.Bg5 Nf1 48.b6 e2 49.b7+ Kd7 50.b8=Q e1=Q 51.Qb7+ Ke8
52.Qf7+  1-0

[Event "FRA-ch Acc"]
[Site "Montpellier"]
[Date "1991.??.??"]
[Round "3"]
[White "Desbones, Samy"]
[Black "Kappler, Jean Marie"]
[Result "1-0"]
[WhiteElo "2100"]
[BlackElo "2270"]

1.e4 e6 2.d4 d5 3.Nd2 Be7 4.e5 c5 5.c3 Nc6 6.Qg4 g6 7.Ndf3 cxd4 8.cxd4 Nb4
9.Kd1 Qc7 10.Ne1 Qb6 11.a3 Na2 12.Bd3 Bd7 13.Bc2 Nxc1 14.Kxc1 f5 15.Qf4 Rc8
16.Ne2 Rc4 17.b3 Qxb3 18.Qe3 Qa4 19.Kd1 Qa5 20.Qb3 Rc7 21.h4 Nh6 22.f3 Kd8
23.Qe3 Nf7 24.g4 Kc8 25.h5 Kb8 26.hxg6 hxg6 27.Rxh8+ Nxh8 28.Qh6 Rc8 29.Qh7 Re8
30.a4 Bc6 31.Nd3 fxg4 32.f4 b6 33.Nb2 Bb5 34.Nd3 Bb4 35.Nec1 Bc3 36.Nb3 Qa6
37.axb5 Qb7 38.Qxb7+ Kxb7 39.Rb1 Re7 40.Ke2 Rh7 41.Rg1 Rh2+ 42.Nf2  1-0

[Event "Russian Winter op"]
[Site "Moscow"]
[Date "1991.??.??"]
[Round "?"]
[White "Kastelfranchi, A."]
[Black "Gusev, Yuri S"]
[Result "0-1"]
[WhiteElo "2215"]
[BlackElo "2360"]

1.e4 e6 2.d4 d5 3.Nd2 Nc6 4.Ngf3 Nf6 5.e5 Nd7 6.Bb5 a6 7.Bxc6 bxc6 8.Nb3 c5
9.Bg5 Be7 10.Na5 Nb8 11.Bxe7 Qxe7 12.dxc5 Qxc5 13.Nb3 Qe7 14.Qd4 Nd7 15.Qg4 O-O
16.O-O a5 17.c3 Ba6 18.Rfe1 Bc4 19.Nfd4 a4 20.Nd2 Bd3 21.Re3 Bg6 22.Rae1 Nc5
23.Qg3 Ra6 24.h4 Rb8 25.b4 axb3 26.axb3 Ra2 27.h5 Bxh5 28.Nc6 Qe8 29.Nxb8 Rxd2
30.Qg5 Bg6 31.Nc6 h6 32.Qd8 Qxd8 33.Nxd8 Nxb3 34.Nc6 Bd3 35.Nb4 Bc4 36.Nc6 g5
37.Rg3 Nc5 38.f4 Nd3 39.Ra1 Nxf4 40.Ra8+ Kg7 41.Rf3 Rxg2+ 42.Kh1 Re2 43.Rc8 Bd3
44.Rxf4 gxf4 45.Rxc7 Be4+ 46.Kg1 Rg2+ 47.Kf1 f3  0-1

[Event "Russian Winter op"]
[Site "Moscow"]
[Date "1991.??.??"]
[Round "?"]
[White "Salov, Sergei"]
[Black "Alieva, Elvira"]
[Result "1-0"]
[WhiteElo "2255"]
[BlackElo "2170"]

1.e4 e6 2.d4 d5 3.Nd2 a6 4.Ngf3 c5 5.dxc5 Bxc5 6.Bd3 Ne7 7.O-O Nbc6 8.a3 O-O
9.b4 Bd6 10.Bb2 Ng6 11.Re1 Qc7 12.exd5 exd5 13.c4 Be6 14.Qc2 Rfe8 15.h3 dxc4
16.Nxc4 Bxc4 17.Qxc4 Rac8 18.Rxe8+ Rxe8 19.Be4 Nge5 20.Bxh7+ Kf8 21.Nxe5 Bxe5
22.Qc5+ Bd6 23.Qh5 Bh2+ 24.Kf1 Ne5 25.Rc1 Qb6 26.Be4  1-0

[Event "Russian Winter op"]
[Site "Moscow"]
[Date "1991.??.??"]
[Round "?"]
[White "Noskov, Anatolij"]
[Black "Gusev, Yuri S"]
[Result "1-0"]
[WhiteElo "2275"]
[BlackElo "2360"]

1.e4 e6 2.d4 d5 3.Nd2 Nc6 4.Ngf3 Nf6 5.e5 Nd7 6.c3 f6 7.exf6 Qxf6 8.Bb5 Bd6
9.O-O O-O 10.Re1 e5 11.Qb3 exd4 12.Qxd5+ Kh8 13.Ne4 Qg6 14.Nxd6 cxd6 15.cxd4 Rxf3
16.Qxf3 Nxd4 17.Qe4 Ne5 18.Qxg6 hxg6 19.Ba4 Bf5 20.Be3 Nc2 21.Bxc2 Bxc2 22.Re2 Bd3
23.Rd2 Bf5 24.Rxd6 Nc4 25.Rd4 Nxb2 26.g4 Be6 27.Rb1 Nc4 28.Rxb7 Ne5 29.Rxa7 Rb8
30.Kg2 Nxg4 31.Rd6 Nxe3+ 32.fxe3 Rb2+ 33.Kg3 Bxa2 34.Rxg6 Bd5 35.Raxg7 Rg2+
36.Kh3 Re2 37.Re7 Bf7 38.Rg2  1-0

[Event "Russian Winter op"]
[Site "Moscow"]
[Date "1991.??.??"]
[Round "?"]
[White "Shchekachev, Andrei"]
[Black "Muratov, Vladimir A"]
[Result "1-0"]
[WhiteElo "2355"]
[BlackElo "2410"]

1.e4 e6 2.d4 d5 3.Nd2 Nc6 4.c3 dxe4 5.Nxe4 Qd5 6.Nd2 e5 7.Ngf3 exd4 8.Bc4 Qh5
9.O-O Bd6 10.Ne4 Nge7 11.Nxd6+ cxd6 12.Nxd4 Qxd1 13.Rxd1 Nxd4 14.Rxd4 d5
15.Bb3 Be6 16.Bg5 f6 17.Re1 Kf7 18.Rd2 a5 19.Rde2 Ra6 20.Bc1 Rd8 21.Bc2 Ng6
22.Be3 a4 23.h4 Bd7 24.h5 Nf8 25.Rd2 Bg4 26.h6 g6 27.Rd4 Be6 28.Bxa4 Nd7
29.Rb4 b6 30.a3 Nc5 31.Bxc5 bxc5 32.Rb7+ Kg8 33.Bb5 Rad6 34.b4 cxb4 35.axb4 Kh8
36.Re7 Bg8 37.Re8 d4 38.Bc4  1-0

[Event "Muenster op"]
[Site "Muenster"]
[Date "1991.??.??"]
[Round "7"]
[White "Holzke, Frank"]
[Black "Naumkin, Igor"]
[Result "1-0"]
[WhiteElo "2345"]
[BlackElo "2505"]

1.e4 e6 2.d4 d5 3.Nd2 Nc6 4.Ngf3 Nf6 5.e5 Nd7 6.c3 f6 7.Bb5 fxe5 8.dxe5 Be7
9.O-O O-O 10.Re1 Qe8 11.Nf1 Nc5 12.Ng3 a5 13.a4 Bd7 14.Bg5 Bxg5 15.Nxg5 Qg6
16.Nf3 Rf4 17.b3 Raf8 18.Ra2 Be8 19.Bxc6 Bxc6 20.Rd2 h5 21.Nd4 h4 22.Qh5 Be8
23.Qxg6 Bxg6 24.Nf1 Nd3 25.Rxd3 Bxd3 26.Nxe6 Rxf2 27.Nxf8 Rxf8 28.Ne3 c6
29.Rd1 Be4 30.c4 Kf7 31.cxd5 cxd5 32.Nxd5 Ke6 33.Nb6 Bc2 34.Rd6+ Kf5 35.Rd2  1-0

[Event "Muenster op"]
[Site "Muenster"]
[Date "1991.??.??"]
[Round "9"]
[White "Holzke, Frank"]
[Black "Ambroz, Jan"]
[Result "1/2-1/2"]
[WhiteElo "2345"]
[BlackElo "2425"]

1.e4 e6 2.d4 d5 3.Nd2 Be7 4.Bd3 c5 5.dxc5 Bxc5 6.Ngf3 Ne7 7.O-O O-O 8.a3 Ng6
9.b4 Be7 10.Re1 a5 11.Bb2 Nd7 12.Bf1 Nb6 13.Nb3 dxe4 14.Qxd8 Rxd8 15.Rxe4 axb4
16.axb4 Rxa1 17.Bxa1 Nd5 18.b5 Nb4 19.Rc4 Bd6 20.Nc5 Nd5 21.Ne4 Be7 22.Ne5 f6
23.Nxg6 hxg6 24.Rd4 f5 25.Nc3 Nb4 26.Rxd8+ Bxd8 27.Na4 Nxc2 28.Bc3 Na3 29.Bb4 Nc2
30.Bc3 Na3  1/2-1/2

[Event "New York op"]
[Site "New York"]
[Date "1991.??.??"]
[Round "4"]
[White "Gurevich, Ilya"]
[Black "Dreev, Alexey"]
[Result "1/2-1/2"]
[WhiteElo "2455"]
[BlackElo "2625"]

1.e4 e6 2.d4 d5 3.Nd2 a6 4.Ngf3 c5 5.exd5 exd5 6.Be2 c4 7.O-O Bb4 8.c3 Ba5
9.Re1 Ne7 10.Nxc4 dxc4 11.Bxc4 b5  1/2-1/2

[Event "New York op"]
[Site "New York"]
[Date "1991.??.??"]
[Round "8"]
[White "Kudrin, Sergey"]
[Black "Dreev, Alexey"]
[Result "1/2-1/2"]
[WhiteElo "2510"]
[BlackElo "2625"]

1.e4 e6 2.d4 d5 3.Nd2 a6 4.Ngf3 c5 5.exd5 exd5 6.Be2 Nf6 7.O-O Bd6 8.dxc5 Bxc5
9.Nb3 Bb6 10.Bg5 O-O 11.c3 Re8 12.Nfd4 h6 13.Bh4 Nc6 14.Bf3 g5 15.Bg3 Ne4
16.Bxe4  1/2-1/2

[Event "NOR-ch"]
[Site "NOR"]
[Date "1991.??.??"]
[Round "6"]
[White "Fossan, Erik"]
[Black "Gausel, Einar"]
[Result "0-1"]
[WhiteElo "2285"]
[BlackElo "2435"]

1.e4 e6 2.d4 d5 3.Nd2 Be7 4.Bd3 c5 5.dxc5 Nd7 6.exd5 exd5 7.Nb3 Nxc5 8.Nf3 Nf6
9.Nxc5 Bxc5 10.Qe2+ Be6 11.c3 O-O 12.Be3 Bxe3 13.Qxe3 Re8 14.O-O Bf5 15.Qd4 Be4
16.Nd2 Re6 17.Nb3 Qc7 18.f3 Bxd3 19.Qxd3 Qc4 20.Rad1 Re2 21.Rf2 Rxf2 22.Kxf2 Qh4+
23.Kg1 Re8 24.Qd2 Qa4 25.Nc1 h5 26.a3 h4 27.Nd3 d4 28.Re1 dxc3 29.Rxe8+ Qxe8
30.bxc3 Qe7 31.Nb4 a5 32.Nc2 b6 33.Qe3 Qd6 34.Qd4 Qxd4+ 35.Nxd4 Nd5 36.Nb5 Kf8
37.c4 Ne3 38.Nd6 Ke7 39.Nc8+ Kd7 40.Nxb6+ Kc6 41.Nc8 Nxc4 42.Ne7+ Kc5 43.a4 Kb4
44.Nf5 g6 45.Nxh4 Kxa4 46.f4 Kb3 47.Nf3 Kc3  0-1

[Event "URS Army-ch"]
[Site "Odessa"]
[Date "1991.??.??"]
[Round "?"]
[White "Belikov, Vladimir"]
[Black "Gusev, Vladimir A"]
[Result "0-1"]
[WhiteElo "2415"]
[BlackElo "2345"]

1.e4 e6 2.d4 d5 3.Nd2 Nc6 4.c3 e5 5.dxe5 Nxe5 6.Ngf3 Nxf3+ 7.Nxf3 Nf6 8.e5 Ne4
9.Bd3 Nc5 10.Bc2 Bg4 11.h3 Bh5 12.Be3 Be7 13.Qe2 c6 14.g4 Bg6 15.Bf5 Qa5
16.Nd4 Qa6 17.Qxa6 Nxa6 18.O-O-O Nc7 19.h4 c5 20.Nb3 b6 21.h5 Bxf5 22.gxf5 O-O-O
23.Rdg1 Ne8 24.h6 g6 25.f4 Nc7 26.f6 Bf8 27.f5 gxf5 28.Rh5 Ne6 29.Rxf5 d4
30.cxd4 Nxd4 31.Nxd4 cxd4 32.Bd2 Kd7 33.Rh5 Ke6 34.a3 Rd5 35.Bf4 d3 36.Kd2 Bc5
37.Rg3 Bd4 38.b3 Bb2 39.Rxd3 Bc1+ 40.Kxc1 Rxd3 41.Kc2 Rf3 42.Bd2 Rf2  0-1

[Event "Oostende op"]
[Site "Oostende"]
[Date "1991.??.??"]
[Round "5"]
[White "Geenen, Marc"]
[Black "Vanheste, Jeroen"]
[Result "1/2-1/2"]
[WhiteElo "2315"]
[BlackElo "2385"]

1.e4 e6 2.d4 d5 3.Nd2 Be7 4.Bd3 b6 5.Ngf3 Nf6 6.c3 Bb7 7.e5 Nfd7 8.h4 h6
9.Nf1 c5 10.a3 a5 11.Ng3 Nc6 12.Nh5 Bf8 13.Rh3 Qc7 14.Rg3 O-O-O 15.Nxg7 cxd4
16.cxd4 Nxd4 17.Nxd4 Bxg7 18.f4 Bxe5 19.fxe5 Qxe5+ 20.Ne2 Qf6 21.Rf3 Qxh4+
22.g3 Qh5 23.Nf4 Qe5+ 24.Ne2 Qg7 25.Bb5 d4 26.Bxd7+ Rxd7 27.Rd3 Ba6 28.b4 Qg6
29.Rxd4 Bxe2 30.Kxe2 Qh5+ 31.g4 Qh2+ 32.Kf3 Qh3+ 33.Kf2 Qh2+ 34.Kf3 h5 35.Rc4+ Rc7  1/2-1/2

[Event "Oostende op"]
[Site "Oostende"]
[Date "1991.??.??"]
[Round "6"]
[White "Canfell, Gregory"]
[Black "Hansen, Lars Bo"]
[Result "1/2-1/2"]
[WhiteElo "2355"]
[BlackElo "2510"]

1.e4 e6 2.d4 d5 3.Nd2 Be7 4.Ngf3 Nf6 5.Bd3 c5 6.e5 Nfd7 7.c3 Nc6 8.O-O cxd4
9.cxd4 a5 10.Re1 a4 11.Nb1 Nb6 12.Nc3 Nb4 13.Bb1 Bd7 14.a3 Nc6 15.Bc2 Na5
16.Nxa4 Nxa4 17.Bxa4 Bxa4 18.Qxa4+ Qd7 19.Qxd7+ Kxd7 20.Bd2 Nc4 21.Bc3 b5
22.Nd2 Nxd2 23.Bxd2 Ra4 24.Bc3 Rc8 25.Rec1 Bg5 26.Rd1 Be7 27.Rdc1 Bg5 28.Rd1 Be7  1/2-1/2

[Event "Oslo Elitecup"]
[Site "Oslo"]
[Date "1991.??.??"]
[Round "1"]
[White "Haugli, Petter"]
[Black "Djurhuus, Rune"]
[Result "0-1"]
[WhiteElo "2390"]
[BlackElo "2410"]

1.e4 e6 2.d4 d5 3.Nd2 Nc6 4.c3 e5 5.exd5 Qxd5 6.Ngf3 exd4 7.Bc4 Qf5 8.cxd4 Be6
9.O-O O-O-O 10.Qa4 Kb8 11.Re1 Nf6 12.Bxe6 fxe6 13.Nc4 Bb4 14.Bd2 Bxd2 15.Ncxd2 Nd5
16.Ne4 Nf4 17.Re3 Qg4 18.g3 Rhf8 19.Nc5 Ne2+ 20.Rxe2 Qxf3 21.Qb3 Nxd4 22.Qxf3 Rxf3
23.Rd2 Rf5  0-1

[Event "Oslo Elitecup"]
[Site "Oslo"]
[Date "1991.??.??"]
[Round "2"]
[White "Elseth, Roar"]
[Black "Djurhuus, Rune"]
[Result "0-1"]
[WhiteElo "2335"]
[BlackElo "2410"]

1.e4 e6 2.d4 d5 3.Nd2 Nc6 4.Ngf3 Nf6 5.e5 Nd7 6.Be2 f6 7.exf6 Qxf6 8.Nf1 Bd6
9.Ne3 Ne7 10.O-O Ng6 11.Re1 O-O 12.c4 c6 13.Ng4 Qf5 14.h3 Nf4 15.Bxf4 Qxf4
16.Bd3 h5 17.Nge5 Bxe5 18.dxe5 Nc5 19.Rc1 Ne4 20.Qe2 Ng5 21.Nxg5 Qxg5 22.Bb1 Bd7
23.Rc3 h4 24.Qc2 Qh6 25.Rd3 Rf4 26.cxd5 cxd5 27.Qd2 Raf8 28.Rd4 Bc6 29.Rxf4 Rxf4
30.Qa5 Qg5 31.Qc7 Rf8 32.Qd6 Re8 33.Qb4 Rf8 34.Qd6 Re8 35.Qb4 a6 36.Qg4 Qxg4
37.hxg4 g5 38.Rd1 Rc8 39.Bd3 Ba4 40.Re1 Kg7 41.f3 Rc6 42.Kf2 Bc2 43.Ke3 Bxd3
44.Kxd3 Rc4 45.Re2 Rc1 46.Kd2 Rb1 47.Ke3 Kf7 48.Rc2 Ke8 49.Re2 Rf1 50.Rc2 Kd7
51.Ke2 Rg1 52.Ke3 a5 53.Kf2 Rh1 54.Ke3 Re1+ 55.Kd4 a4 56.a3 b6 57.Rf2 Kc6
58.Rc2+ Kd7 59.Rf2 Rc1 60.Kd3 Rc4 61.Rf1 Kc6 62.Rf2 b5 63.Rf1 Kc5 64.Rf2 Rc1
65.f4 gxf4 66.g5 h3 67.gxh3 Rg1 68.Rc2+ Kb6 69.h4 Rg3+ 70.Kd4 Rh3 71.Rc8 Rxh4
72.Re8 f3+ 73.Kd3 Rg4 74.Rxe6+ Kc5 75.Ke3 Rxg5 76.Kxf3 Kd4 77.Kf4 Rg2 78.Rb6 Rf2+
79.Kg5 Kxe5 80.Rxb5 Rg2+ 81.Kh4 Rc2 82.Kg3 Ke4 83.Rb4+ Rc4 84.Rb8 Ke3 85.Re8+ Re4
86.Ra8 Ke2 87.Ra5 d4 88.Rxa4 Re3+ 89.Kf4 d3  0-1

[Event "Oslo Elitecup"]
[Site "Oslo"]
[Date "1991.??.??"]
[Round "4"]
[White "Fossan, Erik"]
[Black "Djurhuus, Rune"]
[Result "0-1"]
[WhiteElo "2285"]
[BlackElo "2410"]

1.e4 e6 2.d4 d5 3.Nd2 Nc6 4.Ngf3 Nf6 5.e5 Nd7 6.Nb3 Be7 7.Bb5 O-O 8.O-O Ncb8
9.Bd3 b6 10.c4 dxc4 11.Bxc4 Ba6 12.Qd3 Bxc4 13.Qxc4 a6 14.a4 c6 15.Nbd2 c5
16.dxc5 Nxc5 17.Qg4 Nc6 18.Nc4 Kh8 19.Bg5 Bxg5 20.Nxg5 h6 21.Nf3 Qc7 22.Rfd1 Rad8
23.Rxd8 Rxd8 24.Qh5 Kg8 25.h3 Nd3 26.Rd1 Nc5 27.Nd6 Nxa4 28.g4 Nc5 29.g5 hxg5
30.Nxg5 Nxe5 31.Qh7+ Kf8 32.Qh8+ Ke7 33.Qh4 Rxd6 34.Re1 f6 35.Qh7 fxg5 36.Qxg7+ Nf7  0-1

[Event "Palma de Mallorca op"]
[Site "Palma de Mallorca"]
[Date "1991.??.??"]
[Round "?"]
[White "Martinez, A."]
[Black "Zarnicki, Pablo"]
[Result "0-1"]
[WhiteElo "2200"]
[BlackElo "2390"]

1.e4 e6 2.d4 d5 3.Nd2 Nc6 4.Ngf3 Nf6 5.e5 Nd7 6.Nb3 Be7 7.Bb5 a5 8.Bd2 a4
9.Bxc6 bxc6 10.Na5 Nb8 11.O-O O-O 12.c4 dxc4 13.Nxc4 c5 14.dxc5 Bxc5 15.Qc2 Be7
16.Na5 c5 17.Qxa4 Qc7 18.Qb3 Nd7 19.Qc3 Nb6 20.Nb3 Bb7 21.Rfe1 Ra4 22.Na5 Ba8
23.Nb3 Rd8 24.Be3 Rc4 25.Qa5 Rg4 26.Kh1 Qc6 27.Nbd2 Nc4 28.Qxd8+ Bxd8 29.Rad1 Be7
30.h3 Rxg2 31.Kxg2 Nxd2 32.Rxd2 Qxf3+ 33.Kf1 Qh1+ 34.Ke2 Bf3+  0-1

[Event "Pamplona op"]
[Site "Pamplona"]
[Date "1991.??.??"]
[Round "?"]
[White "Magem Badals, Jorge"]
[Black "Eingorn, Vereslav S"]
[Result "1/2-1/2"]
[WhiteElo "2485"]
[BlackElo "2575"]

1.e4 e6 2.d4 d5 3.Nd2 a6 4.Ngf3 c5 5.exd5 exd5 6.dxc5 Bxc5 7.Nb3 Ba7 8.Bg5 Ne7
9.Qd2 Nbc6 10.O-O-O h6 11.Be3 O-O 12.Bxa7 Rxa7 13.Be2 b5 14.Rhe1 Qb6 15.Nbd4 Rc7
16.Kb1 Rd8 17.h3 Bf5 18.Nxf5 Nxf5 19.Qf4 Nfe7 20.Bd3 Rcc8 21.Ne5 Nxe5 22.Qxe5 Ng6
23.Qe3 Qf6 24.g3 Rc7 25.f4 d4 26.Qf3 Re7 27.h4 Nf8 28.Re4 Rde8 29.Rde1 g6
30.a3 Rxe4 31.Rxe4 Rxe4 32.Qxe4 Qd6 33.g4 Ne6 34.f5 Nc5 35.Qe8+ Kg7  1/2-1/2

[Event "Porz op27"]
[Site "Porz"]
[Date "1991.??.??"]
[Round "5"]
[White "Glek, Igor V"]
[Black "Bruch, Ingo"]
[Result "1-0"]
[WhiteElo "2540"]
[BlackElo "2295"]

1.e4 e6 2.d4 d5 3.Nd2 Nc6 4.c3 dxe4 5.Nxe4 Nf6 6.Bg5 Be7 7.Bxf6 Bxf6 8.f4 O-O
9.Nf3 b6 10.Qc2 g6 11.h4 Bg7 12.h5 Bb7 13.Nfg5 Qe7 14.Bd3 f5 15.Nd2 Nd8 16.hxg6 h6
17.Ngf3 c5 18.dxc5 Qxc5 19.O-O-O Qc7 20.g3 Rf6 21.Rhg1 Rxg6 22.Nh4 Rf6 23.Rdf1 h5
24.Be2 Rh6 25.Bc4 Kh8 26.Re1 Qc5 27.Qd3 Rc8 28.Bb3 Nc6 29.Qc4 Nd4 30.Qxc5 Nxb3+
31.Nxb3 bxc5 32.Rd1 Bd5 33.Nxf5 Bxb3 34.Nxh6 Bxd1 35.Nf7+ Kg8 36.Nd6 Rd8
37.Rxd1 Bf8 38.Ne4 Rxd1+ 39.Kxd1 Kf7 40.Ng5+ Kg6 41.Nxe6 Bd6 42.Ke2 Kf5 43.Ng5 h4
44.gxh4 Bxf4 45.Kd3 Bg3 46.Nf3 Kf4 47.Nd2 Bxh4 48.Nb3 Bf2 49.Kc4 Ke5 50.Nxc5 Bg1
51.Nb7 Ke6 52.b4 Kd7 53.Kb5 Kc7 54.Ka6 Bf2 55.c4 Kb8 56.Na5 Be3 57.Nc6+ Ka8
58.a4 Bf2 59.a5 Be3 60.b5 Bf2 61.Nxa7  1-0

[Event "Salamanca"]
[Site "Salamanca"]
[Date "1991.??.??"]
[Round "3"]
[White "Zapata, Alonso"]
[Black "Vladimirov, Evgeny"]
[Result "0-1"]
[WhiteElo "2530"]
[BlackElo "2575"]

1.e4 e6 2.d4 d5 3.Nd2 a6 4.exd5 exd5 5.Bd3 Bd6 6.Ne2 Nc6 7.c3 Qf6 8.O-O Nge7
9.Re1 Bf5 10.Bxf5 Qxf5 11.Ng3 Bxg3 12.hxg3 O-O 13.Nf1 Qd7 14.Bf4 Ng6 15.Qh5 Rfe8
16.Ne3 Rad8 17.Re2 Re4 18.Qf3 Rxd4 19.cxd4 Nxd4 20.Qh5 Nxf4 21.gxf4 g6 22.Qh4 Nxe2+
23.Kf1 Nd4 24.Rd1 c5 25.f5 Qd6 26.f6 Re8 27.Rxd4 cxd4 28.Nf5 Qe5 29.Ne7+ Kh8
30.f4 Qh5 31.Qxh5 gxh5 32.Ke2 Rd8 33.Kd3 Rd6 34.Kxd4 Rxf6 35.f5 Kg7 36.Ke5 d4
37.Nd5 d3 38.Nxf6 d2  0-1

[Event "Belavenets mem op"]
[Site "Smolensk"]
[Date "1991.??.??"]
[Round "?"]
[White "Korneev, Oleg"]
[Black "Kosikov, Alexey I"]
[Result "0-1"]
[WhiteElo "2405"]
[BlackElo "2420"]

1.e4 e6 2.d4 d5 3.Nd2 Nc6 4.Ngf3 Nf6 5.e5 Nd7 6.Be2 Na5 7.c3 c5 8.Nf1 cxd4
9.cxd4 Nc6 10.Ng3 Be7 11.O-O h5 12.Bd3 Nb6 13.b3 Bd7 14.Be3 a5 15.Nd2 g6
16.a3 Kf8 17.Qf3 Kg7 18.Ne2 a4 19.b4 Na7 20.Nc3 Rc8 21.Rac1 Rc7 22.Rc2 Nb5
23.Nxb5 Rxc2 24.Nd6 Bxd6 25.Bxc2 Be7 26.Bd3 Qc7 27.Qe2 Rc8 28.Nb1 Qd8 29.h3 Nc4
30.Rc1 Nb6 31.g3 Rxc1+ 32.Bxc1 Qc7 33.Bd2 Nc4 34.h4 Kg8 35.Bf4 b5 36.Qc2 Be8
37.Nd2 Qd8 38.Qc3 Qd7 39.Nxc4 dxc4 40.Be4 Qd8 41.Bd2 Qb6 42.d5 exd5 43.Bxd5 Bc6
44.Qf3 Bxd5 45.Qxd5 Qd8 46.Qxb5 Qxd2 47.Qxc4 Qe1+ 48.Kg2 Qxe5 49.Qc6 Bf6
50.Qxa4 Qe4+ 51.Kg1 Qe1+ 52.Kg2 Qe4+ 53.Kg1 Qb1+ 54.Kg2 Qb2 55.Qa8+ Kg7 56.Qf3 Bd4
57.Kg1 Bc3 58.b5 Bd4 59.Qf4 Be5 60.Qc4 Bd4 61.Qf1 Qxa3 62.Kg2 Qb2 63.Kf3 Kf8  0-1

[Event "Subotica Interzonal (Women)"]
[Site "Subotica"]
[Date "1991.??.??"]
[Round "1"]
[White "MacArthur, B."]
[Black "Peng, Zhaoqin"]
[Result "1/2-1/2"]
[WhiteElo "2185"]
[BlackElo "2375"]

1.e4 e6 2.d4 d5 3.Nd2 a6 4.c3 c5 5.Ngf3 Nc6 6.exd5 exd5 7.dxc5 Bxc5 8.Nb3 Bb6
9.Bf4 Nf6 10.Be2 O-O 11.O-O Re8 12.Bg5 Qe7 13.Bd3 Bg4 14.h3 Bh5 15.Nbd2 h6
16.Bh4 Ne5 17.Re1 Nxf3+ 18.Nxf3 Qd6 19.Qa4 g5 20.Nxg5 hxg5 21.Bxg5 Rxe1+
22.Rxe1 Bg6 23.Qh4 Nh7 24.Bf4 Qc6 25.Bxg6 Qxg6 26.Qe7 Rf8 27.Qxb7 Qf6 28.Be3 Bxe3
29.Rxe3 Rd8 30.Rg3+ Kf8 31.Qb4+ Rd6 32.Qg4 Ke8 33.Rf3 Qe7 34.Qc8+ Qd8 35.Re3+ Kf8
36.Qc5 Nf6 37.Qd4 Re6 38.f3 Rxe3 39.Qxe3 Qd6 40.Kf2 Nd7 41.h4 Qg6 42.Qd4 Qc2+
43.Kg1 Qf5 44.a4 f6 45.b4 Ke7 46.b5 Qb1+ 47.Kh2 axb5 48.axb5 Qxb5 49.h5 Qc4
50.Qe3+ Kf7 51.g4 Ne5 52.Kg3 Qc7 53.f4 Nc4 54.Qd3 Qc5 55.Qg6+ Ke7 56.Qg7+ Ke6
57.Qg8+ Ke7 58.Qg7+ Ke6 59.Qg8+  1/2-1/2

[Event "Sydney Mercantile"]
[Site "Sydney"]
[Date "1991.??.??"]
[Round "6"]
[White "Antonio, Rogelio Jr"]
[Black "Johansen, Darryl K"]
[Result "1-0"]
[WhiteElo "2490"]
[BlackElo "2465"]

1.e4 e6 2.d4 d5 3.Nd2 Nc6 4.c3 dxe4 5.Nxe4 Qd5 6.Bd3 e5 7.Qe2 Be6 8.Nf3 exd4
9.O-O O-O-O 10.Nxd4 Nxd4 11.cxd4 Ne7 12.Bf4 Nf5 13.Rac1 Bd6 14.Nxd6+ Nxd6
15.Be5 f6 16.Rc5 Qxa2 17.Bg3 Rhe8 18.Qc2 Re7 19.Re1 Rdd7 20.d5 Bf5 21.Rxe7 Qa1+
22.Qc1  1-0

[Event "FIN-ch"]
[Site "Tampere"]
[Date "1991.??.??"]
[Round "13"]
[White "Manninen, Marko"]
[Black "Lehtivaara, Risto"]
[Result "0-1"]
[WhiteElo "2310"]
[BlackElo "2295"]

1.d4 e6 2.e4 d5 3.Nd2 Nc6 4.Ngf3 Nf6 5.e5 Nd7 6.c3 f6 7.exf6 Qxf6 8.Bd3 e5
9.Qe2 Be7 10.O-O O-O 11.Bc2 exd4 12.cxd4 Nb6 13.Qe3 Bd6 14.Nb3 Bg4 15.Ng5 g6
16.f3 Rae8 17.Nxh7 Qh4 18.Qh6 Qxh2+ 19.Qxh2 Bxh2+ 20.Kxh2 Kxh7 21.Kg3 Bf5
22.Bxf5 Rxf5 23.Rh1+ Kg7 24.Bh6+ Kf6 25.f4 Nc4 26.Kf3 Rh5 27.Bg5+ Kg7 28.Rxh5 gxh5
29.Rh1 Kg6 30.g4 hxg4+ 31.Kxg4 Ne3+ 32.Kf3 Nf5 33.Kf2 a5 34.a4 Re3 35.Nc5 Ncxd4
36.Nxb7 Re2+ 37.Kg1 Nf3+  0-1

[Event "Vienna op"]
[Site "Vienna"]
[Date "1991.??.??"]
[Round "4"]
[White "Elbilia, Jacques"]
[Black "Klinger, Josef"]
[Result "0-1"]
[WhiteElo "2305"]
[BlackElo "2510"]

1.d4 e6 2.e4 d5 3.Nd2 Nc6 4.Ngf3 Nf6 5.e5 Nd7 6.Be2 Be7 7.Nf1 Ncb8 8.Ng3 c5
9.c3 b6 10.O-O a5 11.Ne1 Nc6 12.Be3 Ba6 13.Bxa6 Rxa6 14.Qg4 g6 15.Bh6 b5
16.Nf3 b4 17.Qh3 Rg8 18.Qg4 a4 19.cxb4 Nxb4 20.Nh5 Bf8 21.Bxf8 Kxf8 22.dxc5 Nc6
23.Ng3 Nxc5 24.Rfc1 Nd3 25.Rxc6 Rxc6 26.Qxa4 Qb6 27.Qa3+ Nb4 28.Ne1 Kg7 29.Qf3 Rgc8
30.Qf6+ Kg8 31.h4 Qd8 32.Qf4 Rc4 33.Qd2 Nc2  0-1

[Event "Vrnjacka Banja"]
[Site "Vrnjacka Banja"]
[Date "1991.??.??"]
[Round "5"]
[White "Simic, Radoslav"]
[Black "Pavlovic, Milos"]
[Result "1/2-1/2"]
[WhiteElo "2485"]
[BlackElo "2480"]

1.e4 e6 2.d4 d5 3.Nd2 a6 4.Ngf3 c5 5.dxc5 Bxc5 6.Bd3 Ne7 7.O-O O-O 8.a3 Nbc6
9.b4 Ba7 10.Bb2 Ng6  1/2-1/2